000 00776nam a22002177a 4500
999 _c16520
_d16520
003 AR-CdUCM
008 190503b ||||| |||| 00| 0 spa d
040 _aMUNICIPALIDAD PROVINCIAL DEL CUSCO
_cBIBLIOTECA MUNICIPAL DEL CUSCO
082 _a700.1 /
_bC70
100 _aBosch, Rafael
_936010
245 _aEl trabajo material y el arte /
260 _aMéxico :
_bGrijalbo,
_c1972.
300 _a175 páginas ;
_c19 cm.
440 _aColección 70
_n120
_936011
505 _aContenido : Naturaleza del arte y la ley de objetividad material de la obra artística -- La producción material de la obra y la causalidad social ...
650 _aTrabajo
_94726
650 _aArtístico
_936012
650 _aSociedad
_953
942 _2ddc
_cLIBROS
945 _arah
_d03/05/2019